| 000 | 01648nam a2200349 a 4500 | ||
|---|---|---|---|
| 001 | ebr10055509 | ||
| 003 | CaPaEBR | ||
| 006 | m u | ||
| 007 | cr cn||||||||| | ||
| 008 | 000929s1999 dcu sb 000 0 eng d | ||
| 010 | _z 00708606 | ||
| 020 | _z0309066492 | ||
| 040 |
_aCaPaEBR _cCaPaEBR |
||
| 035 | _a(OCoLC)70728299 | ||
| 050 | 1 | 4 |
_aHV95 _b.E96 1999eb |
| 245 | 0 | 0 |
_aEvaluating welfare reform _h[electronic resource] : _ba framework and review of current work : interim report / _cPanel on Data and Methods for Measuring the Effects of Changes in Social Welfare Programs ; Robert A. Moffitt and Michele Ver Ploeg, editors. |
| 260 |
_aWashington, D.C. : _bNational Academy Press, _cc1999. |
||
| 300 | _aviii, 151 p. | ||
| 490 | 1 | _aCompass series | |
| 500 | _a"Committee on National Statistics, Commission on Behavioral and Social Sciences and Education, National Research Council." | ||
| 504 | _aIncludes bibliographical references (p. 90-92). | ||
| 533 |
_aElectronic reproduction. _bPalo Alto, Calif. : _cebrary, _d2013. _nAvailable via World Wide Web. _nAccess may be limited to ebrary affiliated libraries. |
||
| 650 | 0 |
_aPublic welfare _zUnited States _xEvaluation. |
|
| 650 | 0 |
_aPublic welfare administration _zUnited States _xEvaluation. |
|
| 650 | 0 |
_aSocial surveys _zUnited States _xEvaluation. |
|
| 655 | 7 |
_aElectronic books. _2local |
|
| 700 | 1 | _aMoffitt, Robert. | |
| 700 | 1 | _aVer Ploeg, Michele. | |
| 710 | 2 | _aebrary, Inc. | |
| 830 | 0 | _aCompass series (Washington, D.C.) | |
| 856 | 4 | 0 |
_uhttp://site.ebrary.com/lib/rucke/Doc?id=10055509 _zAn electronic book accessible through the World Wide Web; click to view |
| 999 |
_c64249 _d64249 |
||